000
00296nam a2200109Ia 4500
005
20251222120855.0
008
251222s1900||||xx |||||||||||||| ||spa||
082
_a
DVD0097/F57P/1989
245
0
_a
Arte Universal: Paleo-Cristiano y Bizantino I y II.
264
_b
Bayerischen, Rundfunks
942
_c
DVD
999
_c
2381
_d
2381